| LEADER |
00625nam0a2200193 450 |
| 001 |
16827882 |
| 010 |
|
|
|a 979-10-235-0887-1
|b rel.
|d 15
|
| 100 |
|
|
|a 20170623d2017 u u0frey01 ba
|
| 101 |
1 |
|
|a fre
|c eng
|
| 102 |
|
|
|a FR
|
| 200 |
0 |
|
|a Olivia joue les espionnes
|f Ian Falconer
|g [traduit de l'américain par Yves Henriet]
|
| 207 |
|
1 |
|a
|
| 210 |
|
|
|a Paris
|c Seuil jeunesse
|d 2017
|
| 215 |
|
|
|a 1 vol. (40 p.)
|
| 700 |
|
0 |
|a Falconer
|b Ian
|f 1959-....
|4 70
|
| 702 |
|
0 |
|a Henriet
|b Yves
|4 730
|
| 900 |
|
|
|a Album
|
| 901 |
|
|
|a Accessible au prêt
|
| 995 |
|
|
|a Bibliothèque
|c Bibliothèque
|f 024018101
|h 024018101
|k A FAL
|o p
|q j
|r az
|e Bibliothèque
|